Statistics for NBA Year in Review: 2019–20

Click here to take the quiz!

General Stats

  • This quiz has been taken 60 times
  • The average score is 8 of 14

Answer Stats

HintAnswer% Correct
Most Valuable PlayerGiannis Antetokounmpo
100%
Defensive Player of the YearGiannis Antetokounmpo
100%
Finals MVPLeBron James
98%
Assists Per Game LeaderLeBron James
98%
Points Per Game LeaderJames Harden
67%
Triple-Doubles LeaderLuka Dončić
66%
Rookie of the YearJa Morant
59%
All-Star Game MVPKawhi Leonard
50%
Rebounds Per Game LeaderAndre Drummond
31%
Coach of the YearNick Nurse
22%
Sixth Man of the YearMontrezl Harrell
21%
Steals Per Game LeaderBen Simmons
17%
Most Improved PlayerBrandon Ingram
17%
Blocks Per Game LeaderHassan Whiteside
14%

Score Distribution

Percentile by Number Answered

Percent of People with Each Score

Your Score History

You have not taken this quiz